03937nam a22009137a 4500003000400000005001700004007000300021008004100024020001800065040002500083041000800108082002300116100003700139245017000176260004300346300004200389500005500431504004400486505001500530505002300545505004800568505003700616505004900653505002600702505003600728505003200764505002700796505002800823505003500851505002300886505006900909505003700978505003301015505003301048505003001081505002801111505003301139505002501172505007001197505002401267505004001291505005301331505008401384505003101468505002001499505002901519505004201548505002401590505002501614505001501639505001901654505004501673505004801718505004401766505003301810505003201843505002901875505005101904505001601955505003501971505003602006505004602042505004502088505007502133505003802208505002702246505007402273505013002347505004902477505003702526505004002563505011002603505007802713505003902791505003902830505003802869700007002907700004602977OSt20210111095351.0ta210108e2019 dr abc|gr|||| 00| 0dspa d a9789945855562 aDO-SdBNPbspacBNPHU hspa aBNPHU- xxxxbP581h aPiantini Colón , Freddyd1939. aHistoria resumida de la isla de Santo Domingo de 1492 a 1865 /cSócrates Suazo Ruíz , prólogo y cuidado de la edición ; Juan Carlos Lorenzo , diagramación  aSanto Domingo :bEdita Libros ,c2019  a202 pg.bil. , retrato, mapasc22 cm. aIncluye datos bigráficos del autor en la solapa. aIncluye notas bibliográfica, pg. 201.0 aPrólogo.0 aA modo de exordio.0 aLos cacicazgos., división territorial. 0 aLos nombres taínos de la isla.0 aDescubrimiento de la isla de colonización.0 aFuerte de la navidad.0 aPrimera ciudad del nuevo mundo.0 aGobernación de Bobadilla.0 aLa matanza de Jaragua.0 aPrimeros asentamientos.0 aLlegan los esclavos africanos.0 aLa real audiencia.0 aTratado de paz entre el reino español y el cacique Enriquillo.0 aSir Francis Drake ataca colonia.0 aLas devastaciones de Osorio.0 aLa invasión de Inglaterra.0 aTratado de paz de Nimega.0 aLa batalla de limonade.0 aTratado de Ryswick, Holanda.0 aTratado de Aranjuez.0 aLa revolución de los negros esclavos de parte oeste de la isla.0 aTratado de Basilea.0 aLa capitulación de Santo Domingo.0 aResumen cronológico de 373 años de historia.0 aLa expedición francesa al mando del general Victor Manuel Lecler (1792-1802).0 aLa independencia haitiana.0 aLa reconquista.0 aIndependencia efímera.0 aLa ocupación haitiana 1822 al 1844.0 aGobierno de Boyer. 0 aLa reforma haitiana.0 aImpuestos.0 aLa trinitaria.0 aIndependencia y separación de Haití.0 aLa batalla de Azua del 19 de marzo de 1844.0 aLa batalla de Santiago del 30 de marzo.0 aLa batalla de la Estrelleta.0 aLa batalla de las Carreras.0 aLa batalla de Santomé.0 aSantana presidente dominicano por tercera vez.0 aResumiendo.0 aLa restauración 1863 al 18650 aAtaque a la fortaleza San Luis.0 aEl gobierno español deroga la anexón.0 aDiscurso de Santana 18 de marzo de 1861.0 aManifiesto del gral. Francisco del Rosario Sánchez en junio de 1961.0 aGobierno provisional de Santiago.0 aActa de independencia.0 aComunicado el 23 de diciembre de 1863, Santiago gobierno provisional.0 a14 de sept. de 1863 el gobierno restaurador declara al gral, Pedro Santana fuera de la ley como culpable de alta traición.0 aCircular del partido Matías Ramón Mella.0 aCarta al gral Juan Pablo Duarte.0 aSegunda carta a Juan Pablo Duarte.0 aNota del patricio Juan Pablo Duarte al general presidente don José Ant. Salcedo en campaña en el sur.0 aTratado entre España y Francia con incidencia en isla de Santo Domingo.0 aSobre el tratado de Riswick, 1697.0 aSobre el tratado de Aranjuez 1777.0 aSobre el tratado de Basilea 1795.1 aSuazo Ruíz , Sócrates ,eprólogo y cuidado de la edición.1 aLorenzo, Juan Carlos , ediagramación